Náklady dodania ako súčasť exportnej ceny a Incoterms 2010

Štruktúra exportnej ceny so zameraním sa na náklady dodania a ich špecifikovanie z pohľadu Medzinárodných podmienok - Incoterms.

Salvato in:
Dettagli Bibliografici
Autore principale: Furdová, Lucia, 1984-
Natura: Capitolo di libro
Lingua:slovacco
Soggetti:
Tags: Aggiungi Tag
Nessun Tag, puoi essere il primo ad aggiungerne!!

MARC

LEADER 00000naa$a2200000$$$4500
001 0195521
005 20240502073259.3
041 0 |a slo 
044 |a SK 
245 1 0 |a Náklady dodania ako súčasť exportnej ceny a Incoterms 2010  |c Lucia Furdová 
520 |a Štruktúra exportnej ceny so zameraním sa na náklady dodania a ich špecifikovanie z pohľadu Medzinárodných podmienok - Incoterms. 
610 2 0 |a obchod medzinárodný 
610 2 0 |a podmienky obchodné 
610 2 0 |a náklady a ceny 
610 2 0 |a ekológia 
610 2 0 |a doprava 
610 2 0 |a logistika 
610 2 0 |a dodávatelia 
100 1 |a Furdová, Lucia, 1984-